Thomas and Friends - Season 21 Episodes - Statistics

General Stats
  • This quiz has been taken 15 times
  • The average score is 6 of 18
Answer Stats
Episode # Episode Title % Correct
13 A Shed for Edward
100%
1 Springtime for Diesel
75%
2 A Most Singular Engine
50%
12 The Fastest Red Engine on Sodor
50%
18 Confused Coaches
25%
8 Cranky at the End of the Line
25%
17 Daisy's Perfect Christmas
25%
3 Dowager Hatt's Busy Day
25%
15 Emily in the Middle
25%
7 Hasty Hannah
25%
9 New Crane on the Dock
25%
6 P.A. Problems
25%
11 Philip's Number
25%
5 Runaway Engine
25%
4 Stuck in Gear
25%
14 The Big Freeze
25%
10 Unscheduled Stops
25%
16 Terence Breaks the Ice
0%
No matching quizzes found
Score Distribution
Percent of People with Each Score
Percentile by Number Answered
Your Score History
You have not taken this quiz